000 00329nam a2200133 i 4500
001 bg
100 1 _aZDZINECKI, Lech Andrzej
245 0 _aPodstawy budownictwa z fizyką budowli /
_cL.A. Zdzinecki.
260 _aRzeszów,
_c1979.
040 _cBPK
041 _apol
942 _cKS
008 s pl f |000 0 pol
999 _c18900
_d18900
856 _uhttp://koha.tu.koszalin.pl/cgi-bin/koha/opac-detail.pl?biblionumber=18900
_yKatalog online BPK